000 02031cam a22005414i 4500
003 PE-LiUPU
005 20250731165504.0
008 150623s r 000 0 d
020 _a1850759804
035 _a(Sirsi) i9781850759805
040 _aPE-LiUPU
_bspa
_cPE-LiUPU
_erda
049 _aPRUA
082 0 4 _a221.07
_bBS
_221
245 0 0 _aEscaping eden :
_bnew feminist perspectives on the Bible.
_n65 /
_ceditado por Harold C. Washington, Susan Lochrie Graham, y Pamela Thimmes.
264 1 _aSheffield, Great Britain :
_bSheffield Academic Press,
_c1998.
300 _a292 páginas ;
_c23 centímetros
336 _atext
_2rdacontent
337 _aunmediated
_2rdamedia
338 _avolume
_2rdacarrier
490 0 _aThe Biblical Seminar ;
_v65
504 _aIncluye bibliografía.
505 0 _aInterpretations: feminist readings of biblical texts. -Interrogations: methodological essays. -Innovations: expanding the boundaries of bilbical scholarship.
526 _aSEG44
526 _aSEG26
526 _aP151
526 _aP150
526 _aP149
526 _aP146
526 _aP145
526 _aP126
526 _aP125
526 _aP92
526 _aP75
526 _aP74
526 _aP27
526 _aP15
630 _aBiblia
_xCrítica feminista.
700 1 _aPamela Thimmes,
_eed.
700 1 _aSusan Lochrie Graham,
_eed.
700 1 _aWashington, Harold C.,
_d1956,
_eed.
710 2 _aSociety of Biblical Literature
942 _2ddc
_cBOOK
949 _aRC 221.07 BS 65
_wDEWEY
_c1
_i46886
_lCCODEBUL1
_mBUL
_r0
_sY
_tBOOK
_u2015-6-24
_xTEOLOGIA
_PP35
_0COMPRA
_o.CIRCNOTE. No olvidar cambiar la fecha de devolución!!!!!!!
_o.STAFF. Colección General
994 _aC0
_bPEPRU
596 _a1
999 _aRC 221.07 BS 65
_wDEWEY
_c23488
_i46886
_f2021-11-8
_g6
_lCCODEBUL1
_mBUL
_r1
_sY
_tBOOK
_u2015-6-24
_xTEOLOGIA
_PP35
_0COMPRA
_o.CIRCNOTE. No olvidar cambiar la fecha de devolución!!!!!!!
_o.STAFF. Colección General
_d23488
980 _81
_gALBERTO SANCHEZ Responsable de Automatización